Jump to Nearest Non-Bordering State - Statistics

General Stats
  • This quiz has been taken 54 times
  • The average score is 39 of 50
Answers on the Map
Answers color-coded by a green-red scale on the quiz's map according to % correct below.
 
Answer Stats
Answer % Correct
Maine
100%
Massachusetts
98%
New Jersey
98%
Maryland
95%
Ohio
95%
New Hampshire
93%
New York
93%
Connecticut
90%
Vermont
90%
Delaware
88%
Illinois
88%
Michigan
88%
Pennsylvania
88%
Rhode Island
88%
West Virginia
88%
California
86%
Minnesota
86%
Tennessee
86%
Virginia
86%
Montana
83%
Nebraska
83%
North Dakota
83%
Oregon
83%
Utah
83%
Washington
83%
Wyoming
83%
Iowa
81%
Kansas
79%
Arizona
76%
Colorado
76%
Alabama
74%
Idaho
74%
Louisiana
74%
Oklahoma
74%
Texas
74%
Kentucky
69%
North Carolina
69%
Arkansas
67%
Indiana
67%
Missouri
64%
Florida
62%
Mississippi
62%
Wisconsin
62%
South Carolina
60%
Alaska
57%
Hawaii
57%
Georgia
55%
Nevada
55%
New Mexico
55%
South Dakota
55%
No matching quizzes found
Score Distribution
Percent of People with Each Score
Percentile by Number Answered
Your Score History
You have not taken this quiz